00577nam a22001097a 4500040000800000082002700008100003800035245032700073260002600400300002600426856001500452 cRUA aAVM NGE 2015 B505 Or.1 aNGET TEAV, ង៉ែត ទាវ aStudy on prevalence of gastrointestinal parasites pigs at tram kak district takeo province, សិក្សាកម្រិតជីវភាពរាលដាលបរាសិតក្នុងក្រពះពោះវៀនជ្រូកនៅស្រុកត្រាំកក់ ខេត្តតាកែវ  aPhnom PenhbRUAc2015 aix; 49p.bill.c29cm. u NGET TEAV